[Event "Poikovsky Karpov 03rd"]
[Site "Poikovsky"]
[Date "2002.04.20"]
[Round "5"]
[White "Bologan, Viktor"]
[Black "Obodchuk, Andrei"]
[Result "1-0"]
[WhiteElo "2652"]
[BlackElo "2435"]
[Annotator "Tyomkin,D"]
[PlyCount "77"]
[EventDate "2002.04.16"]
[EventType "tourn"]
[EventRounds "9"]
[EventCountry "RUS"]
[EventCategory "16"]
[SourceTitle "CBM 089"]
[Source "ChessBase"]
[SourceDate "2002.08.12"]
[SourceVersion "1"]
[SourceVersionDate "2002.08.12"]
[SourceQuality "1"]

1. e4 c5 2. Nf3 d6 3. d4 cxd4 4. Nxd4 Nf6 5. Nc3 Nc6 6. Bg5 e6 7. Qd2 Be7 {
Victor is well-known expert in Rauzer to fight againsst it with white- he had
scored close to 100% in this variation with white, one of his wins has been
against the annotator of this game:-)} 8. O-O-O Nxd4 9. Qxd4 O-O 10. f3 a6 11.
h4 b5 12. Kb1 Bb7 (12... Qc7 13. h5 (13. Qd2 Rb8 (13... Bb7 14. Bd3 b4 15. Ne2
a5 16. g4 Rac8 17. Nd4 $14 Kh8 18. h5 d5 19. Nb5 Qd7 20. e5 Ne8 21. Bxe7 Qxe7
22. Nd4 $16 {1-0 Bologan,V-Shapiro,D/Stratton Mountain 1999/EXT 2000 (32). (31)
}) 14. Bd3 Rd8 15. g4 b4 16. Ne2 a5 17. Nd4 a4 18. Nb5 $6 Qa5 19. a3 Rxb5 $17 {
1-0 Zhang Pengxiang-Kotronias,V/Linares 2002/CBM 87 ext (57). (56)}) (13. Bxf6
{(Ftacnik) Gofshtein,L} gxf6 (13... Bxf6 {Ftacnik} 14. Qxd6 Qa5 15. e5 $16 Bd8)
14. g4 Qc5 15. Qd2 $13) (13. g4 $5 {(Ftacnik) Gofshtein,L}) 13... h6 14. Bxf6 (
14. Bh4 $6 {Ftacnik Not so bad in itself, but bishop would control also other
important squares from e3. White keeps the pressure on f6 and hopes for g4-g5
attack.} Bb7 15. Ne2 (15. g4 {Ftacnik} e5 (15... Rad8 {Ftacnik} 16. g5 hxg5 17.
Bxg5 Nxe4 18. Nxe4 Bxe4 19. Qxe4 Bxg5 20. Bd3 Rfe8 21. Qh7+ Kf8 22. Qh8+ Ke7
23. Qxg7 $14) 16. Qd3 Rac8 17. g5 hxg5 18. Bxg5 Nxe4 19. Nxe4 (19. fxe4 {
Ftacnik} Bxg5 20. Qxd6 Qxd6 21. Rxd6 Rfd8 $17) 19... Bxe4 20. fxe4 Bxg5 21. Bh3
Rcd8 $15) (15. Bd3 $5 {(Ftacnik) Gofshtein,L}) 15... Rac8 16. Qd2 (16. Rc1 {
Ftacnik} d5 $17) 16... Rfd8 17. Re1 {If moves like this are called for white's
plan must have gone astray. In the meantime black have managed to develop all
his pieces. Gofsthein: for white a difficult to found good move} (17. Bg3 {
Ftacnik} Ne8 $15 (17... e5 {(Ftacnik) Gofshtein,L} 18. Nc3 b4 19. Nd5 Nxd5 20.
exd5 Bxd5 21. Bxa6 Bxa2+ $19)) (17. Nd4 {Ftacnik} d5 18. e5 (18. exd5 {Ftacnik}
Rxd5 $17) 18... Qxe5 19. g4 $44) (17. g4 {(Ftacnik) Gofshtein,L} Nxe4 18. fxe4
Bxe4 $40) 17... e5 $1 {0-1 Ivanchuk,V-Anand,V/Linares 1998/CBM 64/[Ftacnik] 
(27)} (17... d5 {Ftacnik} 18. e5 $1 {Gofsthein: This was the idea of 17.Te1}
Qxe5 19. Bg3 Qf5 20. Nd4 Qh7 21. Bd3 Qh8 22. Bh4 $15)) (14. Be3 {Ftacnik} Bb7
15. g4 Nh7 $11) 14... Bxf6 $5 {Tyomkin,D} (14... gxf6 15. Qd2 Kg7 16. Bd3 (16.
Rh3 $13 {Ftacnik} Rh8 $13) 16... Bb7 17. Rh3 $16 {1-0 Socko,B-Kacheishvili,G/
Leon 2001/CBM 86 no vc (36). (35)}) 15. Qxd6 Qxd6 16. Rxd6 Bb7 $44 {[%cal
Gf6e5] with typical compensation in this kind of endings-the pair of bishops
and control over dark squares fully compensate the pawn;}) (12... Qa5 13. Qd2 (
13. e5 {Gofshtein,L} dxe5 14. Qxe5 {-see commented game 1-0 Fogarasi,T-Nguyen
Anh Dung/Budapest 2000/CBM 76[Gofshtein,L] (64)}) 13... b4 14. Ne2 e5 15. Nc1
Be6 16. Nb3 Qa4 17. g4 Rfd8 $132 {1-0 Balogh,C-Dembo,Y/Budapest 2002/CBM 86
ext (45). (44)}) (12... Rb8 $5 $146 {(Gofshtein,L) Interesting novelty. K.
Aseev is wellknown specialist in this variation, so we can suppose, he had
analysed this move carefully.} 13. Qd2 b4 14. Ne2 a5 ({Worth of attention} 
14... Bb7 {[%cal Gd6d5] (Gofshtein,L) preparing d6-d5 break.}) ({Premature is} 
14... d5 $6 {Gofshtein,L} 15. e5 Nd7 16. Nd4 {[%csl Rb8,Rd8][%cal Gd4c6]} Rb6
17. Bxe7 Qxe7 18. f4 $14) 15. Nd4 ({Of course, Black has sufficient
compensation for P lack in case of:} 15. Bxf6 $6 {Gofshtein,L} Bxf6 ({Not} 
15... gxf6 $2 {Gofshtein,L} 16. Qh6 $16 {[%csl Rg8]}) 16. Qxd6 Qxd6 17. Rxd6
Bb7 18. g3 {[%csl Rh4][%cal Gf6h4]} Rfd8 19. Rxd8+ Rxd8 20. Kc1 a4 $44) 15...
Bd7 $5 {[%cal Gf6e8,Ge8c7] Usually this square - d7 - is destined for Nf6 -
after g2-g4-g5. K.Aseev prepares another path for Nf6: e8 - c7.} 16. g4 a4 {
Plans of both sides are clear: White organizes Attack on the black K, Black -
on the white one in opposite sides of the board. Who will be first?.} 17. Be3
Ne8 ({Worth of attention} 17... b3 $5 {Gofshtein,L} 18. cxb3 axb3 (18... e5 {
Gofshtein,L} 19. Nf5 Bxf5 20. gxf5 axb3 21. a3 $14) 19. Nxb3 $14 Ba4 20. g5 Nd7
21. h5 Bxb3 22. axb3 Rxb3 23. g6 Bf6 24. gxh7+ Kh8 25. Bd4 $132) 18. g5 Nc7 19.
f4 Qc8 {Too slowly.We can only suggest, what meant Black doing this move.
Maybe he wanted to prepare e6-e5 and than in case of nd4-f5 to capture twice
on f5?} ({Worth of attention} 19... b3 $5 {(Gofshtein,L) - in spirit of this
type of position!} 20. axb3 axb3 (20... e5 {Gofshtein,L} 21. Nf5 Bxf5 22. exf5
axb3 23. c4 $14) 21. Nxb3 Ba4 22. Nd4 d5 23. e5 Ba3 24. b3 Bb4 25. Qf2 Nb5 $1
$44)) 13. g4 {Actually I find 13.Qd2 better, because in the game line I don't
really see how white can get something after 15...Rac8 instead of 15...e5;} (
13. Qd2 Qc7 (13... Rc8 {Gofshtein,L} 14. Bd3 {-see commented game 1-0 Bologan,
V-Zvjaginsev,V/Belfort 1999/CBM 75 [Gofshtein,L](39)}) 14. Bd3 (14. Ne2 {
(Gofshtein,L) -see commented game 1-0 Bologan,V-Ye Jiangchuan/Beijing 2000/CBM
78[Gofshtein,L] (37)}) 14... Rfd8 15. g4 b4 16. Ne2 a5 17. Nd4 a4 18. Nb5 Qb6
19. h5 d5 {1/2-1/2 Sax,G-Smirin,I/Pula 2001/CBM 84 ext (19).}) 13... Qc7 (13...
Rc8 14. Bd3 Qc7 15. h5 h6 16. Bh4 Qc5 17. Qxc5 Rxc5 (17... dxc5 18. e5 Nd5 19.
Bxe7 Nxe7 20. Be4 $14 {[%cal Gd1d7]}) 18. a4 $1 b4 19. Na2 a5 20. Nc1 $14 {
[%csl Ra5][%cal Gc1b3] 1-0 Socko,B-Mantovani,R/Saint Vincent 2001/CBM 80 ext 
(50)}) 14. Qd2 Rfd8 15. Ne2 e5 $6 $146 {[%csl Yd5] e5 following by d5 is the
main plan of black in this sicilian structure, but in this specific situation
the only lack is that black can't lead d6-d5 after the following play of white;
} (15... Rac8 $142 16. Nd4 (16. h5 $4 Nxe4 $1 {[%csl Rc2][%cal Ge7g5]}) 16...
e5 17. Nf5 (17. Bxf6 Bxf6 18. g5 Be7 19. Nf5 d5 {and I don't see equality for
white here too;}) 17... d5 $17 18. Nxe7+ Qxe7 19. Bxf6 Qxf6 20. g5 Qb6 21. exd5
Bxd5 $17 {0-1 Bremond,E-Caposciutti,M/Clichy 2002/CBM 87 ext (44)}) 16. Bxf6
Bxf6 17. g5 Be7 18. Nc3 Qc5 (18... Rac8 19. Bh3 b4 (19... Rb8 $142) 20. Nd5 $1
Bxd5 21. Bxc8 Bxa2+ 22. Kxa2 Rxc8 23. Kb1 $14 {white is better however black
has some compensation;}) 19. Bd3 (19. Nd5 Bxd5 20. Qxd5 Rac8 {[%csl Ya6,Yb5,
Gg5,Gh4] white has very small edge here mainly based on vulnerability of a6
and b5 pawns in the forthcoming ending, however h4+g5 would be the same
vulnerable!} 21. Qd2 $140 d5 $1 {[%csl Rc2]}) 19... Rf8 $5 {[%cal Gf7f5] f7-f5
is one of ideas now, especially after Nd5 BxN pxN;} 20. Ne2 Rad8 21. Ng3 d5 {
By advancing pawn 'd' to d5 black usually decides all opening problems;} 22.
Qe2 d4 23. Nh5 Bc6 24. f4 exf4 25. Rhf1 Bd6 26. Nxf4 Rde8 (26... Rfe8 27. Qf3 {
[%csl Gf7] and f7 is a target;}) 27. Nh5 Be5 (27... Bd7 {[%cal Gd7e6]} 28. Nxg7
$3 Kxg7 29. e5 $16 {[%cal Ge2h5,Gh5h6]}) (27... a5 $142 28. Rf2 a4 {[%cal
Ga4a3] creating counterplay over the queenside against white king;}) 28. Rf2
Re6 29. Rdf1 g6 $4 {[%mdl 16384]} (29... Bd7 {[%cal Ge6c6,Yd7e6] with mutual
chances; At least I don't see clear plan for white to continue the attack on
the kingside;}) 30. Nf6+ Bxf6 31. Rxf6 {[%csl Yf6,Rf7][%cal Gf1f6] white has
reached important f6 outpost for his pieces on semi-open file 'f', and also
white has access to all weaknesses thru it;} (31. gxf6 $2 Rfe8 {[%csl Re4]})
31... Bd7 32. Qf2 Rxf6 33. Qxf6 {[%csl Ra6][%cal Rh4h5]} Be6 34. h5 {[%cal
Rh5h6]} gxh5 {Otherwise h6 and Qg7 mate; But gxh5 doesn't stop white's attack
of course;} 35. e5 $1 {[%csl Rh7][%cal Gf6h6]} Qd5 36. b3 Rc8 37. Qh6 Qxe5 38.
Bxh7+ Kh8 39. Bg6+ (39. Bg6+ Kg8 40. Qh7+ Kf8 41. Rxf7+ {and mate on next move;
}) 1-0